000
00307nam a22001337a 4500
008
170315b xxu||||| |||| 00| 0 eng d
020
_a
0721672009
041
_a
eng
080
_a
611
100
_a
7
101
_a
SHM
245
_a
ATALA TOPOGRAPHICAL AND APPLIED HUMAN ANATOMY
_c
FORNER.H
942
_2
udc
_c
BK
999
_c
7837
_d
7837